[Event "Kislovodsk Narzan op"]
[Site "Kislovodsk"]
[Date "2012.07.01"]
[Round "1"]
[White "Tekeyev, Zaur"]
[Black "Dzhavathanov, Magomed"]
[Result "1-0"]
[WhiteElo "2254"]
[BlackElo "1814"]
[PlyCount "63"]
[EventDate "2012.07.01"]
[EventType "swiss"]
[EventRounds "9"]
[EventCountry "RUS"]
[SourceTitle "EXT 2013"]
[Source "ChessBase"]
[SourceDate "2012.11.22"]
[SourceVersion "1"]
[SourceVersionDate "2012.11.22"]
[SourceQuality "1"]

1. e4 d6 2. d4 Nf6 3. Nc3 g6 4. Nge2 Bg7 5. g3 0-0 6. Bg2 e5 7. 0-0 Nc6 8. d5 Ne7 9. f4 exf4 10. gxf4 Nh5 11. Ng3 Nxg3 12. hxg3 f5 13. Re1 fxe4 14. Nxe4 Nf5 15. Qd3 c5 16. c3 Bd7 17. Ng5 c4 18. Qf3 Qb6+ 19. Kh2 Rfe8 20. Ne6 Re7 21. Bf1 Rc8 22. g4 Nh6 23. Re2 Bxe6 24. dxe6 d5 25. f5 gxf5 26. gxf5 Rf8 27. Bh3 Rxe6 28. Rxe6 Qxe6 29. fxe6 Rxf3 30. Kg2 Rd3 31. e7 Rxh3 32. e8Q+ 1-0

[Event "St Petersburg Autumn op"]
[Site "St Petersburg"]
[Date "2011.10.28"]
[Round "1"]
[White "Dzhavathanov, Magomed"]
[Black "Minina, Veronika"]
[Result "0-1"]
[WhiteElo "1793"]
[BlackElo "2120"]
[PlyCount "129"]
[EventDate "2011.10.28"]
[EventType "swiss"]
[EventRounds "9"]
[EventCountry "RUS"]
[SourceTitle "EXT 2013"]
[Source "ChessBase"]
[SourceDate "2012.11.22"]
[SourceVersion "1"]
[SourceVersionDate "2012.11.22"]
[SourceQuality "1"]

1. e4 c5 2. Nf3 Nc6 3. Bb5 e6 4. 0-0 Nge7 5. c3 a6 6. Ba4 b5 7. Bb3 Bb7 8. d4 cxd4 9. cxd4 Ng6 10. Be3 Bd6 11. e5 Bb8 12. Nbd2 0-0 13. Rc1 Nce7 14. Bc2 d6 15. exd6 Qxd6 16. Ne4 Qc7 17. Bb1 Bc6 18. g3 f5 19. Neg5 Qd6 20. Nh3 Bb7 21. Nf4 Nxf4 22. Bxf4 Qd5 23. Bxb8 Raxb8 24. Kg2 g5 25. Rc5 Qd6 26. Kg1 g4 27. Ne5 Nc6 28. Nxc6 Bxc6 29. Qc1 Bd5 30. Qg5+ Kh8 31. Rfc1 Bc4 32. b3 Qxd4 33. Rc7 Rbc8 34. Rxc8 Rxc8 35. bxc4 bxc4 36. Qe3 Qxe3 37. fxe3 Kg7 38. e4 Kf6 39. Kf2 Ke5 40. exf5 exf5 41. Bd3 Kd4 42. Be2 Rc6 43. Rd1+ Kc3 44. Rd5 Kb2 45. Rd2+ Kc1 46. Ke1 c3 47. Rd4 Kb2 48. Rb4+ Ka3 49. Rc4 Rxc4 50. Bxc4 Kb2 51. Bd3 c2 52. Bxc2 Kxc2 53. Ke2 a5 54. a4 Kb3 55. Kd3 Kxa4 56. Kc4 h6 57. Kd5 Kb3 58. Ke5 a4 59. Kxf5 a3 60. Kxg4 a2 61. Kh5 a1Q 62. Kxh6 Qh1 63. Kg6 Qxh2 64. g4 Kc4 65. g5 0-1

[Event "Chigorin Memorial 19th"]
[Site "St Petersburg"]
[Date "2011.10.20"]
[Round "7"]
[White "Dzhavathanov, Magomed"]
[Black "Edilsultanova, Zalina"]
[Result "1/2-1/2"]
[WhiteElo "1793"]
[BlackElo "1621"]
[PlyCount "100"]
[EventDate "2011.10.14"]
[EventType "swiss"]
[EventRounds "9"]
[EventCountry "RUS"]
[SourceTitle "CBM 144 Extra"]
[Source "ChessBase"]
[SourceDate "2011.10.28"]
[SourceVersion "1"]
[SourceVersionDate "2011.10.28"]
[SourceQuality "1"]

1. e4 e5 2. Nf3 Nc6 3. d4 exd4 4. Nxd4 Nf6 5. Nxc6 bxc6 6. e5 Qe7 7. Qe2 Nd5 8. c4 Ba6 9. g3 g6 10. b3 Bg7 11. Bb2 0-0 12. Bg2 Rfe8 13. 0-0 Nb6 14. Re1 d5 15. Nd2 Rad8 16. Rac1 Bb7 17. f4 a5 18. c5 Nd7 19. Bd4 Ra8 20. Nf3 Nf8 21. g4 Bc8 22. h3 Bd7 23. Qd2 a4 24. b4 a3 25. Rc3 Reb8 26. Rb3 Bh6 27. Be3 Ra4 28. Nd4 Ne6 29. Nc2 Rba8 30. f5 Bxe3+ 31. Qxe3 Nd8 32. Nd4 Rb8 33. f6 Qf8 34. Nc2 Ne6 35. Rxa3 Rxa3 36. Qxa3 Ra8 37. Qb3 Qb8 38. a3 Nxc5 39. Qe3 Ne6 40. h4 Qb6 41. Bf3 Bc8 42. Kh2 Bb7 43. Kg3 c5 44. Rd1 d4 45. bxc5 Qxc5 46. Nxd4 h6 47. Rd3 Bxf3 48. Nxf3 Qxe3 49. Rxe3 Kf8 50. g5 h5 1/2-1/2